| 000 | 00881cam a22002653u 4500 | ||
|---|---|---|---|
| 001 | 011717467 | ||
| 005 | 20130509160053.0 | ||
| 008 | 020327s1998 xxua || 001 ||eng | ||
| 020 | _a1884932053 | ||
| 020 | _a9781884932052 | ||
| 082 |
_222 _a621.381 _bDIE |
||
| 245 | 0 | 0 |
_aDielectric resonators / _cDarko Kajfez and Pierre Guillon, editors. |
| 250 | _a2nd ed. | ||
| 260 |
_aAtlanta, Ga. : _bNoble, _cc1998. |
||
| 300 |
_a547 p. : _bill. ; _c24 cm. |
||
| 490 | 0 | _aNoble Publisahing classic series | |
| 500 | _aPrevious ed.: Denham, Mass. : Artech House, 1986. | ||
| 500 | _aOne 3 1/2" computer disk in pocket attached to inside back cover. | ||
| 504 | _aIncludes bibliographical references and index. | ||
| 650 |
_aDielectric wave guides. _96627 |
||
| 653 |
_bEle _cMay2013 |
||
| 700 | 1 |
_aKajfez, Darko. _933165 |
|
| 700 | 1 |
_aGuillon, Pierre. _933166 |
|
| 942 |
_2ddc _cBB |
||
| 999 |
_c17454 _d17426 |
||